000 01164nam a2200241Ii 4500
003 JO-AjNU
005 20240629125500.0
008 230605s9999||||xx |||||||||||||| ||und||
040 _aJO-AjNU
_bara
_erda
_cJO-AjNU
041 _aara
050 1 4 _aK2405 2019
100 1 _aالدليمي ، فارس محل رمضان
_eمعد
_965818
245 0 0 _aقانون الاستثمار العراقي رقم 13 لسنة 2006 المعدل ومعوقاته القانونية - دراسة مقارنة مع القانون الاردني = The Iraqi Investment Law Number 13 For The Year 2006 And Its Legal Barriers: A Comparative Study With jordanian Law /
260 _c2019
300 _a136 ورقة
336 _atext
_btxt
_2rdacontent
337 _aunmediated
_bn
_2rdamedia
338 _avolume
_bnc
_2rdacarrier
500 _aرسالة جامعية ( اطروحة ماجستير) جامعة عجلون الوطنية: كلية الحقوق، 2019
650 4 _aالقانون العراقي رقم 13 لسنة 2006- معوقاتة - القانون الاردني
_958933
700 1 _aالعيسى، طلال ياسين
_964930
_eمشرف
942 _2lcc
_cTHS
999 _c30062
_d30062